000 00573nam a2200193Ia 4500
005 20250326142610.0
008 250326s9999 xx 000 0 und d
020 _a81-202-0363-1
037 _aTextbook
040 _aFMSL
_beng
_cFMSL
041 _aeng
_2eng
084 _aX8(A).44 N2
_qFMSL
100 _aKaveri VS
_9746293
245 0 _aSuccess Stories of Rehabilitations of sick industrial units in India
_cKaveri VS
260 _aDelhi
_bDelhi, Ajanta Publications
_c1992
300 _a145p
942 _cTB
_hX8(A).44 N2
999 _c1295770
_d1295770